| 000 | 02384cam a2200349 a 4500 | ||
|---|---|---|---|
| 001 | 14922439 | ||
| 005 | 20210414113928.0 | ||
| 008 | 070710s2002 enk b 001 0 eng | ||
| 010 | _a 2007408072 | ||
| 020 | _a1859417213 | ||
| 020 | _a9781859417218 | ||
| 035 | _a(OCoLC)ocm50409981 | ||
| 040 |
_aESU _cESU _dGUL _dOCL _dNLGGC _dYDXCP _dDLC |
||
| 042 | _alccopycat | ||
| 043 | _ae-uk--- | ||
| 050 | 0 | 0 | _aKD3930.B37 |
| 084 |
_a86.50 _2bcl |
||
| 100 | 1 | _aBarnett, Hilaire. | |
| 245 | 1 | 0 |
_aConstitutional and administrative law. / _cHilaire Barnett. |
| 246 | 1 | 4 | _aConstitutional & administrative law |
| 250 | _a4th ed. | ||
| 260 |
_aLondon : _bCavendish, _c2002. |
||
| 300 |
_axc, 1026 p. ; _c24 cm. |
||
| 504 | _aIncludes bibliographical references (p. 955-975) and index. | ||
| 505 | _aContents: General introduction: The Scope of constitutional law -- Sources of the constitution -- The Evolution of the structure of the United Kingdom -- Fundamental constitutional concepts: The Rule of law -- The Separation of powers -- The Royal prerogative -- Paliamentary sovereignty -- The European community and union: Structure and institutions -- European community law and national law -- Central, regional and local government: Central government -- Responsible government -- Regional and local government -- Parliament: The Electoral system -- Introduction to the house of commons -- The Legislative process -- Scrutiny of the executive -- The House of lords -- Parliamentary privilege -- The individual and the state: The Protection of human rights -- Freedom from discriminatio: racial and sexual equality -- Freedom of association and assembly, public order and police powers -- Citizenship, immigration and extradition -- State secutrity -- Introduction to administrative law: Judicial review: introduction, jurisdiction and procedure -- The Grounds for judicial review -- Commissioners for administration: Ombudsmen -- Appendix I: Monarchs of Britain -- Appendix II: Prime ministers of the United Kingdom -- Appendix III: Membership of the Commonwealth. | ||
| 650 | 0 |
_aConstitutional law _zGreat Britain. |
|
| 650 | 0 |
_aAdministrative law _zGreat Britain. |
|
| 650 | 1 | 7 |
_aBestuursrecht. _2gtt |
| 906 |
_a7 _bcbc _ccopycat _d2 _encip _f20 _gy-gencatlg |
||
| 942 |
_2lcc _cBK |
||
| 999 |
_c737 _d8237 |
||